| 000 | 00606cab a2200205 4500 | ||
|---|---|---|---|
| 001 | WB2337-03 | ||
| 008 | 090401t1987 xxu||||| |||| 00| 0 eng d | ||
| 035 | _a(Sirsi) u475 | ||
| 041 | _aeng | ||
| 245 | _aNew conditions from FIDIC | ||
| 260 | _c1987 | ||
| 350 | _a0 | ||
| 490 |
_aNew Civil Engineer _vno 756, 10/9/87 p6-7 |
||
| 520 | _aFIDIC is due to publish a fourth edition of its Conditions of Contract for works of civil engineering construction. Notes some of the changes. | ||
| 650 | _aCLAIMS | ||
| 650 |
_aContracts _96232 |
||
| 690 | _aBUILT ENVIRONMENT | ||
| 942 | _n0 | ||
| 948 | _c04/03/1997 | ||
| 999 |
_c208 _d208 |
||